000
00458nam a2200157Ia 4500
001
15380
003
GE_BSU
008
181216s||||||||xx |||||||||||||| ||und||
040
_c
GE_BSU
100
_a
ქუჩიშვილი,გიორგი
245
_a
ბელადის დაძახილზე
245
_b
ლექსები
653
_a
ბელადის დაძახილზე
653
_a
ლექსები
942
_c
BK
999
_c
48485
_d
48485